000 00508nam a2200193Ia 4500
003 GCL
008 140319s9999 xx 000 0 eng d
040 _aGCL /
_cGCL
082 0 4 _a895.3
_bX P
100 1 _aXIANYI, YONG
245 1 0 _aPOETRY AND PROSE OF THE TANG AND SONG /
_cXIANYI, YONG
700 1 _aYONG, GLADYS
260 _a[S.N] :
_bCHINESE LITERATURE PRESS ،
_c1990
300 _a310 P
650 0 4 _aLITERATURE
650 0 4 _aLITERATURE - CHINA
650 0 4 _aCHINA - POETRY
942 _2ddc
_cBK
999 _c14190
_d14190